Quizzes
Events
Quiz Creation
Community
Videos
Private Events
Remove Ads
Sign In
Join for FREE
Feedback
Dark Mode
Quiz Categories
Sports
Geography
Music
Movies
Television
Just For Fun
Miscellaneous
History
Literature
Language
Science
Gaming
Entertainment
Religion
Holiday
For Kids
Quiz Lab
Recent
Popular Today
Quiz Kudos Today
Editor Picks
Curator Picks
Quizzes by...
Day
Popularity
Type
Ratings
Length
Year
Community
Subscriptions
Recent Discussions
Orange Saloon
Badges
Playlists
Quests
Create
Leaderboards
Showdown
Live 5
Trivia Bingo
Activity
Puzzle Library
Sporcle Events
Private Events
Virtual Trivia
Globe League
Become a Host
Pub Owners
SporcleCon
Opinionation
Our Games
Videos
Blog
Mobile Apps
Partnerships
Remove Ads and Go Orange
Feedback
Literature
Harry Potter
A Song of Ice and Fire
The Hunger Games
Literary Character
Shakespeare
Book
Author
Novel
Poem
Young Adult
Children's Books
Play
Lord of the Rings
Literature
Harry Potter
A Song of Ice and Fire
The Hunger Games
Literary Character
Shakespeare
Book
Author
Novel
Poem
Young Adult
Children's Books
Play
Lord of the Rings
Random Quiz
Search Sporcle
×
Quiz Lab
Quiz Lab
Literature
Clickable
Select answers by clicking on text or image buttons
Select answers by clicking on text or image buttons
Clickable
Best Score? Go Orange.
Seventh Grade Literary Terms Stats
Can you pick the Seventh Grade Literary Terms?
By
erbium2992
10m
30 Questions
140 Plays
140 Plays
140 Plays
Comments
Comments
Give Quiz Kudos
Give Quiz Kudos
-
- Ratings
hide this ad
Replay
Link that replays current quiz
Next Quiz
Link to next quiz in quiz playlist
You Got
0%
They Got
Avg Score
96%
Avg Friend Score
Upgrade to see
Score Distribution
Jump to the score distribution portion of the page
Score
0/30
Timer
10:00
0
Plays Today
% Correct
allusion
99.3%
alliteration
98.6%
foreshadowing
97.9%
conflict
97.9%
personification
97.9%
irony
97.9%
genre
97.1%
flashback
97.1%
onomatopoeia
97.1%
metaphor
97.1%
simile
97.1%
figurative language
96.4%
context clues
96.4%
inference
96.4%
tone
96.4%
% Correct
point of view
96.4%
fiction
96.4%
biography
95.7%
autobiography
95.7%
cliche
95.7%
mood
95.7%
characterization
95.7%
character's motivation
95.7%
moral
95%
assonance
95%
opinion
95%
bias
94.3%
fact
94.3%
excerpt
94.3%
refrain
93.6%
Quiz Playlist
Details
Report
Send in Message
Add To Playlist
Clickable:
Select answers by clicking on text or image buttons
Last Updated: Feb 16, 2017
Quiz Scoreboard
CHALLENGE
Sign Up to Join the Scoreboard
Show All
Scores
Hide
Comments
May contain spoilers
Recently Published
TV Characters by Other Roles V
by ghcgh
Television
5m
Decade Duel: World Leaders
by jenniferyan
History
4m
Alphabetical 'K' Countries by Flag Minefield
by ylime102
Geography
3m
More to Explore
Quiz From the Vault
Featured Blog Post
15 Basketball Trivia Facts You Can Be March Mad About
hide this ad
You Might Also Like...
Tags
Clickable Quiz
grade
Literary Terms
Seventh
Term
Today's Top Quizzes in Literature
Browse Literature
hide this ad
Today's Top Quizzes in Clickable
Browse Clickable
Top Contributed Quizzes in Literature
1
Criteria Quiz: Harry Potter Gryffindors
2
Criteria Quiz: Harry Potter Deaths
3
Season Plays
4
Pick 3: Harry Potter Hogwarts Quidditch Players
5
Harry Potter Characters: Logic Puzzle
6
Word Ladder: King's 'The Stand'
7
Harry Potter logic puzzle: Triwizard Tournament
8
Spring Reading List
9
Hogwarts Midnight Escape
10
Sirius Black vs Dementors: Logic Puzzle
Explore More
Trending Topics
NBA
Disney
Anime
Kpop
Harry Potter
Crossword
Marvel
WWE
Song
Pokémon
The Office
NFL
Puzzle
Soccer
Country
hide this ad
More By:
erbium2992
Quiz
Plays
Rating
Category
Featured
Created
Seventh Grade Literary Terms
140
1.00
Literature
May 5, 2016
pKa values
82
5.00
Science
Dec 1, 2012
Go to Creator's Profile
Score Distribution
Quiz Creator Spotlight
erbium2992
Follow
Send a Message
Quizzes Created
-
Created Quiz Play Count
-
More By This Creator
Popular Quizzes Today
1
Countries of Asia Without Outlines Minefield
2
Find the US States - No Outlines Minefield
3
Pick 6: Fruits
4
The Countries of the World
5
Alphabetical 'K' Countries by Flag Minefield
6
Find the Countries of Europe - No Outlines Minefield
7
US States
8
Find the US States
More Literature Quizzes
Match the Book to the Film V
Published
Trending Quizzes
Pick 6: Mountains
Pick 6: Harry Potter
Pick 6: Flags
Pick 6: NFL Teams
Pick 6: Movie Franchises
Recently Updated
Adaptations: Name the Title
pecheneg
NWSL Teams
pecheneg
Women's Final Four Teams by Year
bhenderson79
Presidents Quartet II
eogle
Anything But Clue(do)
eogle
Anything But Oceanian Capitals
eogle
Anything But 7
eogle
Anything But Thing
eogle
Word Ladder: February 29
pecheneg
Song Title Questions
pecheneg
Trending Topics
Harry Potter
NBA
Marvel
Kpop
Crossword
Disney
Anime
The Office
Soccer
NFL
WWE
Song
Pokémon
Puzzle
Country
Your Account Isn't Verified!
In order to create a playlist on Sporcle, you need to verify the email address you used during registration. Go to your
Sporcle Settings
to finish the process.
Report this User
Report this user for behavior that violates our
Community Guidelines
.
Details:
Send Report
Go to the Sporcle.com Mobile Site →
Comments